| 000 | 00679nam a2200229Ia 4500 | ||
|---|---|---|---|
| 003 | OSt | ||
| 005 | 20220923223811.0 | ||
| 006 | a|||||r|||| 00| 0 | ||
| 007 | ta | ||
| 008 | Pun | ||
| 024 | _a221,515 | ||
| 037 | _cTextual | ||
| 040 |
_aARTS _cARTS _bPun |
||
| 041 |
_2Pun _aPun |
||
| 082 | _aO153,3xN7, P4-;1 | ||
| 100 |
_aਤਲਵਿੰਦਰ ਸਿੰਘ _9156275 |
||
| 245 | 0 | _aਉਜੱੜੇ ਗਰਾਂ ਦੇ ਵਾਸੀ | |
| 260 |
_aਅੰਮ੍ਰਿਤਸਰ _b ਲੋਕਧਾਰਾ ਪ੍ਰਕਾFਨ _c2004 |
||
| 300 |
_a272ਪੰ _ccm. |
||
| 942 |
_hO153,3xN7, P4-;1 _cTEXL _2CC |
||
| 999 |
_c367489 _d367489 |
||